000 00465nam a2200145Ia 4500
008 190927s9999||||xx |||||||||||||| ||und||
020 _a8170811880
082 _a242
_bNEE/S
100 _aNeelKantha
245 0 _cSriman Maha Bharatam: Part: 6; 12-Shanti Parva
250 _a1
260 _aDelhi
_bNag Publishers
_c1988
300 _a806
942 _cBK
999 _c13340
_d13340